<?xml version="1.0" encoding="UTF-8"?>
<record
    xmlns:xsi="http://www.w3.org/2001/XMLSchema-instance"
    xsi:schemaLocation="http://www.loc.gov/MARC21/slim http://www.loc.gov/standards/marcxml/schema/MARC21slim.xsd"
    xmlns="http://www.loc.gov/MARC21/slim">

  <leader>01600nam a2200289 a 4500</leader>
  <controlfield tag="003">CL-SaCFP</controlfield>
  <controlfield tag="005">20260210165909.0</controlfield>
  <controlfield tag="008">161221s2016    amca          000 0 spa d</controlfield>
  <datafield tag="020" ind1=" " ind2=" ">
    <subfield code="a">9789567402717</subfield>
  </datafield>
  <datafield tag="040" ind1=" " ind2=" ">
    <subfield code="c">CL</subfield>
  </datafield>
  <datafield tag="082" ind1="0" ind2="4">
    <subfield code="a">635.9 S586 2016</subfield>
    <subfield code="2">21</subfield>
  </datafield>
  <datafield tag="100" ind1="1" ind2=" ">
    <subfield code="a">Silva Vargas, Ra&#xFA;l,</subfield>
    <subfield code="d">1934-</subfield>
  </datafield>
  <datafield tag="245" ind1="1" ind2="0">
    <subfield code="a">500 preguntas sobre el jard&#xED;n /</subfield>
    <subfield code="c">Ra&#xFA;l Silva Vargas.</subfield>
  </datafield>
  <datafield tag="246" ind1="0" ind2="3">
    <subfield code="a">Quinientas preguntas sobre el jard&#xED;n</subfield>
  </datafield>
  <datafield tag="246" ind1="3" ind2="0">
    <subfield code="a">Preguntas sobre el jard&#xED;n</subfield>
  </datafield>
  <datafield tag="250" ind1=" " ind2=" ">
    <subfield code="a">Primera edici&#xF3;n: noviembre 2016</subfield>
  </datafield>
  <datafield tag="260" ind1=" " ind2=" ">
    <subfield code="a">Santiago de Chile :</subfield>
    <subfield code="b">Ediciones El Mercurio,</subfield>
    <subfield code="c">2016</subfield>
    <subfield code="e">(Chile :</subfield>
    <subfield code="f">Salesianos Impresores)</subfield>
  </datafield>
  <datafield tag="300" ind1=" " ind2=" ">
    <subfield code="a">416 p&#xE1;ginas :</subfield>
    <subfield code="b">ilustraciones en color ;</subfield>
    <subfield code="c">23 cm.</subfield>
  </datafield>
  <datafield tag="500" ind1=" " ind2=" ">
    <subfield code="a">Incluye &#xED;ndice.</subfield>
  </datafield>
  <datafield tag="505" ind1="2" ind2=" ">
    <subfield code="a">Conocer. Geeneralidades, h&#xE1;bitos y caracter&#xED;sticas de las plantas -- Labores. Cuidados y mantenci&#xF3;n -- Plantas. Elecci&#xF3;n seg&#xFA;n suelo, cl&#xED;ma y sol -- Suelos. T&#xED;pos, preparaci&#xF3;n y abonos -- Enfermedades y plagas. Control y prevenci&#xF3;n -- &#xCD;ndice de preguntas por cap&#xED;tulo.</subfield>
  </datafield>
  <datafield tag="520" ind1="3" ind2=" ">
    <subfield code="a">Una completa gu&#xED;a, tanto para aficionados como para expertos de la jardiner&#xED;a es este nuevo libro del reconocido agr&#xF3;nomo Ra&#xFA;l Silva Vargas. Con un lenguaje simple y preciso, el autor re&#xFA;ne aqu&#xED; las inquitudes m&#xE1;s significativas que le han realizado a lo largo de sus m&#xE1;s de 40 a&#xF1;os de trayectoria. C&#xF3;mo sembrar, cu&#xE1;ndo podar, qu&#xE9; hacer para combatir ciertas plagas o c&#xF3;mo reproducir o trasplantar tal especie... -- Contracubierta.</subfield>
  </datafield>
  <datafield tag="650" ind1=" " ind2="7">
    <subfield code="a">Jardiner&#xED;a</subfield>
  </datafield>
  <datafield tag="650" ind1=" " ind2="7">
    <subfield code="a">Plantas ornamentales</subfield>
  </datafield>
  <datafield tag="650" ind1=" " ind2="7">
    <subfield code="a">Floricultura</subfield>
  </datafield>
  <datafield tag="942" ind1=" " ind2=" ">
    <subfield code="2">ddc</subfield>
    <subfield code="c">LIBRO</subfield>
  </datafield>
  <datafield tag="949" ind1=" " ind2=" ">
    <subfield code="a">c</subfield>
    <subfield code="b">n</subfield>
  </datafield>
  <datafield tag="952" ind1=" " ind2=" ">
    <subfield code="0">0</subfield>
    <subfield code="1">0</subfield>
    <subfield code="2">ddc</subfield>
    <subfield code="4">0</subfield>
    <subfield code="7">0</subfield>
    <subfield code="8">CG</subfield>
    <subfield code="a">BC</subfield>
    <subfield code="b">BC</subfield>
    <subfield code="c">CG</subfield>
    <subfield code="d">2021-02-10</subfield>
    <subfield code="e">DL</subfield>
    <subfield code="l">1</subfield>
    <subfield code="o">635.9 S586 2016</subfield>
    <subfield code="p">3563000054941</subfield>
    <subfield code="r">2026-02-10 17:02:36</subfield>
    <subfield code="s">2026-02-10</subfield>
    <subfield code="t">c.1</subfield>
    <subfield code="w">2026-02-10</subfield>
    <subfield code="y">LIBRO</subfield>
  </datafield>
  <datafield tag="999" ind1=" " ind2=" ">
    <subfield code="c">16316</subfield>
    <subfield code="d">16316</subfield>
  </datafield>
</record>
